When you marry. (Record no. 14629)

000 -LEADER
fixed length control field 00655nam a2200193 a 4500
001 - CONTROL NUMBER
control field :::00012461$&:&@@
003 - CONTROL NUMBER IDENTIFIER
control field OkBaRHE
005 - DATE AND TIME OF LATEST TRANSACTION
control field 20000607103419.0
008 - FIXED-LENGTH DATA ELEMENTS--GENERAL INFORMATION
fixed length control field s1948 j 000 0 eng u
040 ## - CATALOGING SOURCE
Transcribing agency
100 1# - MAIN ENTRY--PERSONAL NAME
Personal name Duvall, Evelyn Ruth (Millis) 1906-
245 10 - TITLE STATEMENT
Title When you marry.
Statement of responsibility, etc With chapters in collaboration with Sylvanus M. Duvall.
260 ## - PUBLICATION, DISTRIBUTION, ETC. (IMPRINT)
Place of publication, distribution, etc New York, NY., :
Name of publisher, distributor, etc Association Press
Date of publication, distribution, etc 1948
300 ## - PHYSICAL DESCRIPTION
Extent xiv, 450 p. : illus. ;
Dimensions 21 cm.
650 ## - SUBJECT ADDED ENTRY--TOPICAL TERM
Topical term or geographic name as entry element Marriage
700 ## - ADDED ENTRY--PERSONAL NAME
Personal name Hill, Reuben, 1912- , Joint author.
942 ## - ADDED ENTRY ELEMENTS (KOHA)
Source of classification or shelving scheme
Koha item type Books
Copies
Withdrawn status Copy number Not for loan Barcode Full call number Koha item type Date last seen Source of classification or shelving scheme Date acquired Lost status Damaged status Permanent Location Shelving location Price effective from
 1 12461HQ 734 .D96Books2010-04-14 2010-04-14  RHEMA Bible Training CollegeGeneral Stacks2010-04-14